| 000 | 01253nam a2200265Ia 4500 | ||
|---|---|---|---|
| 003 | Ost | ||
| 005 | 20260507075127.0 | ||
| 008 | 260507s9999||||xx |||||||||||||| ||und|| | ||
| 020 | _a9957241710 | ||
| 040 | _cfsecg | ||
| 041 | _aara | ||
| 082 | _a330 | ||
| 100 |
_aعبد الرحيم، حسن توفيق _eمؤلف |
||
| 245 | 0 |
_aمبادئ الإقتصاد الجزئي / _c حسن توفيق عبد الرحيم |
|
| 260 |
_aعمان: _bدار صفاء, _c2005 |
||
| 300 |
_a445 صفحة؛ _bإيضاحات ؛ _c25 سم |
||
| 520 | _aالمشكلة الإقتصادية والمفاهيم المتعلقة بها-علم الإقتصاد وأنواعه- نظرية القيمة والطلب على السلع والخدمات- العرض من السلع والخدمات- تفاعل قوي الطلب والعرض في السوق- المرونات- سلوك المستهلك- الإنتاج والتكاليف- توازن المؤسسة في ظل الأسواق المختلفة- أسواق عناصر الإنتاج | ||
| 653 | _aالأسواق | ||
| 653 | _aالإقتصاد | ||
| 653 | _aالإنتاج | ||
| 653 | _aالتكاليف | ||
| 653 | _aالطلب والعرض | ||
| 653 | _aسلوك المستهلك | ||
| 942 | _cكتاب | ||
| 999 |
_c43171 _d43171 |
||